Anthems General Knowledge #1 - Statistics

General Stats
  • This quiz has been taken 135 times
  • The average score is 14 of 20
Answer Stats
Hint Answer % Correct
Italy
91%
Which country's anthem has official versions in both English and French? Canada
88%
Fill in the blank: 'O say, can you see, by the ____'_ early light...' Dawn's
86%
The following is an excerpt from which country's anthem: 'A prince I am, undaunted, Of Orange, ever free, To the king of Spain I've granted A lifelong loyalty.' Netherlands
86%
Which country's anthem consist of four stanzas written in five of its eleven official languages, including Xhosa and English? South Africa
86%
'Jana Gana Mana', written by Rabindranath Tagore, is the anthem of which country? India
80%
'Ode to joy', composed by Ludwig van Beethoven, is used as the anthem of which international organisation? Council of Europe/European Union
77%
Which two countries are the only ones to mention one another in their respective national anthems? (Hint: Ravioli and Pierogi) Poland
77%
Which island split over two countries competes in Rugby Union as one team, using the song '_______'s Call' instead of a national anthem? Ireland
76%
The folk song 'Arirang' was played in place of a national anthem when a unified Ice Hockey team representing which peninsula competed at the 2018 Winter Olympics? Korea
75%
Which former country's national anthem was known as 'Hey, Slavs'? Yugoslavia
75%
Which four European countries are the only countries whose anthems don't contain any lyrics? Spain
72%
Which country's anthem has three stanzas, but only the third is used nowadays due to certain historical controversies? Germany
70%
'Kimigayo', known in English as 'His Majesty's Reign', is considered to be the national anthem with both the oldest and the shortest lyrics. Which country does it belong to? Japan
69%
'Where Is My Home?' and 'Lightning Over the Tatras' were combined into one, forming the national anthem of which country that ceased to exist on January 1st, 1993? Czechoslovakia
66%
Which football anthem is sung before every match by the supporters of Liverpool F.C, Celtic F.C and Borussia Dortmund, among others? You'll Never Walk Alone
62%
Which piece of music became the first official national anthem, when France adopted it in 1795? La Marseillaise
58%
San Marino
46%
Bosnia and Herzegovina
39%
Kosovo
32%
No matching quizzes found
Score Distribution
Percent of People with Each Score
Percentile by Number Answered
Your Score History
You have not taken this quiz